000 01288nam a2200253Ia 4500
003 OSt
005 20220930094911.0
006 a|||||r|||| 00| 0
007 ta
008 220926b |||||||| |||| 00| 0 san d
024 _a35202
037 _cTheses
040 _aCRL
_cCRL
_bsan
041 _2san
_asan
100 _aआशीष कुमार, ले.
110 _aदिल्ली विश्वविद्यालय. कला संकाय. संस्कृत
_9556664
245 0 _aपूर्वमीमांसादर्शन को चिन्नस्वामी शास्त्री का योगदान (मीमांसान्यायप्रकाश की ‘सारविवेचिनी’ टीका के विशेष सन्दर्भ में)।
246 _aPūrvamīmāansādarshan ko chinnaswāmī shāstrī kā yogadān (mīmāansānyāyaprakāsh kī ‘sāravivechinī’ ṭīkā ke visheṣh sandarbha mean)।
260 _c2016
300 _a372पृ.
_ap.
_ccm.
700 _aदिल्ली विश्वविद्यालय. कला संकाय. संस्कृत
_9556665
942 _cDIS
_2CC
999 _c887902
_d887902